Intersecting Religion and Sexuality : Sociological Perspectives /
This edited collection, Intersecting Religion and Sexuality: Sociological Perspectives , outlines what an intersectional analysis can offer research into religion and sexuality. It draws on various research projects which focus on different facets of this topic, such as queer sexualities, unmarried...
مؤلفون آخرون: ,
التنسيق: كتاب الكتروني
اللغة: English
منشور في:
Leiden; Boston :
BRILL,
2021.
سلاسل:
Religion and the Social Order ;
27.
Religious Studies, Theology and Philosophy E-Books Online, Collection 2020, ISBN: 9789004419094.
الموضوعات:
الوصول للمادة أونلاين: Login to view Source
الوسوم: إضافة وسم
رقم الطلب: BL1
| LEADER | 02655nam a22004691i 4500 | ||
|---|---|---|---|
| 001 | BRILL9789004390713 | ||
| 003 | nllekb | ||
| 005 | 20210602101556.0 | ||
| 006 | m d | ||
| 007 | cr un uuuua | ||
| 008 | 200813s2021 ne sb 001 0 eng d | ||
| 020 | |a 9789004390713 |q (electronic book) | ||
| 020 | |a 9789004372474 |q (print) | ||
| 024 | 7 | |a 10.1163/9789004390713 |2 DOI | |
| 035 | |z (OCoLC)1178903812 | ||
| 040 | |a NL-LeKB |c NL-LeKB |e rda | ||
| 050 | 4 | |a BL1 | |
| 072 | 7 | |a HRA |2 bicssc | |
| 072 | 7 | |a REL |x 000000 |2 bisacsh | |
| 082 | 0 | 4 | |a 200 |2 23 |
| 245 | 0 | 0 | |a Intersecting Religion and Sexuality : |b Sociological Perspectives / |c edited by Sarah-Jane Page, Andrew K.T. Yip. |
| 246 | 3 | |a Sociological Perspectives | |
| 264 | 1 | |a Leiden; |a Boston : |b BRILL, |c 2021. | |
| 300 | |a 1 online resource. | ||
| 336 | |a text |b txt |2 rdacontent | ||
| 337 | |a computer |b c |2 rdamedia | ||
| 338 | |a online resource |2 rdacarrier | ||
| 490 | 1 | |a Religion and the Social Order ; |v 27 | |
| 490 | 1 | |a Religious Studies, Theology and Philosophy E-Books Online, Collection 2020, ISBN: 9789004419094 | |
| 504 | |a Includes bibliographical references and index. | ||
| 520 | |a This edited collection, Intersecting Religion and Sexuality: Sociological Perspectives , outlines what an intersectional analysis can offer research into religion and sexuality. It draws on various research projects which focus on different facets of this topic, such as queer sexualities, unmarried motherhood and heterosexuality, to explore how religion and sexuality intersect with each other, and with other identities such as ethnicity, gender and social class. Given the predominantly heteronormative nature of many religious traditions, marginality, power dynamics and inequalities are central to these interrogations. Intersectionality is an important theoretical lens through which to explore identities that are variously impacted by particular power dynamics and axes of privilege and disadvantage. | ||
| 588 | |a Description based on print version record. | ||
| 650 | 0 | |a Religion. | |
| 700 | 1 | |a Page, Sarah-Jane, |e editor. | |
| 700 | 1 | |a Yip, Andrew K.T., |e editor. | |
| 776 | 0 | 8 | |i Print version: |t Intersecting Religion and Sexuality : Sociological Perspectives, |d Leiden ; Boston : BRILL, 2021 |z 9789004372474 |
| 830 | 0 | |a Religion and the Social Order ; |v 27. | |
| 830 | 0 | |a Religious Studies, Theology and Philosophy E-Books Online, Collection 2020, ISBN: 9789004419094. | |
| 856 | 4 | |z DOI: |u http://dx.doi.org/10.1163/9789004390713 | |
| 942 | |c EBOOK | ||
| 952 | |0 0 |1 0 |4 0 |7 1 |9 14497 |a BRILL |b BRILL |d 2021-06-02 |l 0 |r 2021-06-02 00:00:00 |w 2021-06-02 |y EBOOK | ||
| 999 | |c 35946 |d 35946 | ||
